<?xml version="1.0" encoding="UTF-8"?>
<record
    xmlns:xsi="http://www.w3.org/2001/XMLSchema-instance"
    xsi:schemaLocation="http://www.loc.gov/MARC21/slim http://www.loc.gov/standards/marcxml/schema/MARC21slim.xsd"
    xmlns="http://www.loc.gov/MARC21/slim">

  <leader>01171nam a2200289 i 4500</leader>
  <controlfield tag="003">DO-SdBNP</controlfield>
  <controlfield tag="005">20260501110810.0</controlfield>
  <controlfield tag="007">ta</controlfield>
  <controlfield tag="008">260501b2025    dr ||||| |||| 00| 0 spa d</controlfield>
  <datafield tag="020" ind1=" " ind2=" ">
    <subfield code="a">9789945656855 (v.1)y (v.2)</subfield>
  </datafield>
  <datafield tag="040" ind1=" " ind2=" ">
    <subfield code="a">DO-SdBNP</subfield>
    <subfield code="b">spa</subfield>
    <subfield code="c">BNPHU</subfield>
    <subfield code="e">rda</subfield>
  </datafield>
  <datafield tag="041" ind1=" " ind2=" ">
    <subfield code="a">spa</subfield>
  </datafield>
  <datafield tag="082" ind1=" " ind2="4">
    <subfield code="a">xxx</subfield>
    <subfield code="b">xxx</subfield>
    <subfield code="2">22</subfield>
  </datafield>
  <datafield tag="100" ind1=" " ind2=" ">
    <subfield code="a">De La Cruz Kelly, Juan Jos&#xE9;,</subfield>
    <subfield code="e">autor</subfield>
    <subfield code="4">aut.</subfield>
    <subfield code="9">89454</subfield>
  </datafield>
  <datafield tag="245" ind1="1" ind2="0">
    <subfield code="a">Compendio de leyes vinculantes con los asuntos municipales /</subfield>
    <subfield code="c">Juan Jos&#xE9; de la Cruz Kelly</subfield>
  </datafield>
  <datafield tag="250" ind1=" " ind2=" ">
    <subfield code="a">primera edici&#xF3;n</subfield>
  </datafield>
  <datafield tag="264" ind1=" " ind2=" ">
    <subfield code="a">Santo Domingo :</subfield>
    <subfield code="b">Editorial Santuario,</subfield>
    <subfield code="c">2025.</subfield>
  </datafield>
  <datafield tag="300" ind1=" " ind2=" ">
    <subfield code="a">volumenes ;</subfield>
    <subfield code="c">24 cm.</subfield>
  </datafield>
  <datafield tag="336" ind1=" " ind2=" ">
    <subfield code="a">texto</subfield>
    <subfield code="b">txt</subfield>
    <subfield code="2">rdacontent</subfield>
  </datafield>
  <datafield tag="337" ind1=" " ind2=" ">
    <subfield code="a">sin mediaci&#xF3;n </subfield>
    <subfield code="b">n</subfield>
    <subfield code="2">rdamedia</subfield>
  </datafield>
  <datafield tag="338" ind1=" " ind2=" ">
    <subfield code="a">volumen</subfield>
    <subfield code="b">nc</subfield>
    <subfield code="2">rdacarrier</subfield>
  </datafield>
  <datafield tag="500" ind1=" " ind2=" ">
    <subfield code="a">Incluye datos biogr&#xE1;ficos del autor en las solapas</subfield>
  </datafield>
  <datafield tag="505" ind1=" " ind2=" ">
    <subfield code="a">volumen 1--</subfield>
    <subfield code="t">T&#xED;tulo I. Ley no. 176-07, del distrito nacional y los municipios en Rep. Dom.--</subfield>
    <subfield code="t">T&#xED;tulo II. Leyes vinculantes constituci&#xF3;n de la rep&#xFA;blica Dominicna--</subfield>
    <subfield code="g">volumen 2--</subfield>
    <subfield code="t">T&#xED;tulo III. Decretos, normas generales y reglamentos--</subfield>
    <subfield code="t">Fuentes de informaci&#xF3;n.</subfield>
  </datafield>
  <datafield tag="590" ind1=" " ind2=" ">
    <subfield code="a">Inventariado, 2026/BT</subfield>
  </datafield>
  <datafield tag="910" ind1=" " ind2=" ">
    <subfield code="a">btav&#xE1;rez</subfield>
  </datafield>
  <datafield tag="942" ind1=" " ind2=" ">
    <subfield code="2">ddc</subfield>
    <subfield code="c">LBS1</subfield>
  </datafield>
  <datafield tag="952" ind1=" " ind2=" ">
    <subfield code="0">0</subfield>
    <subfield code="1">0</subfield>
    <subfield code="2">ddc</subfield>
    <subfield code="5">1</subfield>
    <subfield code="7">0</subfield>
    <subfield code="8">PD</subfield>
    <subfield code="a">BNPHU</subfield>
    <subfield code="b">BNPHU</subfield>
    <subfield code="c">CT</subfield>
    <subfield code="d">2026-05-01</subfield>
    <subfield code="e">Dep&#xF3;sito Legal</subfield>
    <subfield code="l">0</subfield>
    <subfield code="o"> BNPHU PD </subfield>
    <subfield code="p">2026-3515</subfield>
    <subfield code="r">2026-05-01</subfield>
    <subfield code="t">v.1</subfield>
    <subfield code="w">2026-05-01</subfield>
    <subfield code="y">LBS1</subfield>
  </datafield>
  <datafield tag="952" ind1=" " ind2=" ">
    <subfield code="0">0</subfield>
    <subfield code="1">0</subfield>
    <subfield code="2">ddc</subfield>
    <subfield code="5">1</subfield>
    <subfield code="7">0</subfield>
    <subfield code="8">PD</subfield>
    <subfield code="a">BNPHU</subfield>
    <subfield code="b">BNPHU</subfield>
    <subfield code="c">CT</subfield>
    <subfield code="d">2026-05-01</subfield>
    <subfield code="e">Dep&#xF3;sito Legal</subfield>
    <subfield code="l">0</subfield>
    <subfield code="o"> BNPHU PD </subfield>
    <subfield code="p">2026-3516</subfield>
    <subfield code="r">2026-05-01</subfield>
    <subfield code="t">v.1, e.2</subfield>
    <subfield code="w">2026-05-01</subfield>
    <subfield code="y">LBS1</subfield>
  </datafield>
  <datafield tag="952" ind1=" " ind2=" ">
    <subfield code="0">0</subfield>
    <subfield code="1">0</subfield>
    <subfield code="2">ddc</subfield>
    <subfield code="5">6</subfield>
    <subfield code="7">0</subfield>
    <subfield code="8">DS</subfield>
    <subfield code="a">BNPHU</subfield>
    <subfield code="b">BNPHU</subfield>
    <subfield code="c">CT</subfield>
    <subfield code="d">2026-05-01</subfield>
    <subfield code="e">Dep&#xF3;sito Legal</subfield>
    <subfield code="l">0</subfield>
    <subfield code="o"> BNPHU DS </subfield>
    <subfield code="p">2026-3517</subfield>
    <subfield code="r">2026-05-01</subfield>
    <subfield code="t">v.1, e.3</subfield>
    <subfield code="w">2026-05-01</subfield>
    <subfield code="y">LBS1</subfield>
  </datafield>
  <datafield tag="952" ind1=" " ind2=" ">
    <subfield code="0">0</subfield>
    <subfield code="1">0</subfield>
    <subfield code="2">ddc</subfield>
    <subfield code="5">1</subfield>
    <subfield code="7">0</subfield>
    <subfield code="8">PD</subfield>
    <subfield code="a">BNPHU</subfield>
    <subfield code="b">BNPHU</subfield>
    <subfield code="c">CT</subfield>
    <subfield code="d">2026-05-01</subfield>
    <subfield code="e">Dep&#xF3;sito Legal</subfield>
    <subfield code="l">0</subfield>
    <subfield code="o"> BNPHU PD </subfield>
    <subfield code="p">2026-3518</subfield>
    <subfield code="r">2026-05-01</subfield>
    <subfield code="t">v.2</subfield>
    <subfield code="w">2026-05-01</subfield>
    <subfield code="y">LBS1</subfield>
  </datafield>
  <datafield tag="952" ind1=" " ind2=" ">
    <subfield code="0">0</subfield>
    <subfield code="1">0</subfield>
    <subfield code="2">ddc</subfield>
    <subfield code="5">1</subfield>
    <subfield code="7">0</subfield>
    <subfield code="8">PD</subfield>
    <subfield code="a">BNPHU</subfield>
    <subfield code="b">BNPHU</subfield>
    <subfield code="c">CT</subfield>
    <subfield code="d">2026-05-01</subfield>
    <subfield code="e">Dep&#xF3;sito Legal</subfield>
    <subfield code="l">0</subfield>
    <subfield code="o"> BNPHU PD </subfield>
    <subfield code="p">2026-3519</subfield>
    <subfield code="r">2026-05-01</subfield>
    <subfield code="t">v.2, e.2</subfield>
    <subfield code="w">2026-05-01</subfield>
    <subfield code="y">LBS1</subfield>
  </datafield>
  <datafield tag="952" ind1=" " ind2=" ">
    <subfield code="0">0</subfield>
    <subfield code="1">0</subfield>
    <subfield code="2">ddc</subfield>
    <subfield code="5">6</subfield>
    <subfield code="7">0</subfield>
    <subfield code="8">DS</subfield>
    <subfield code="a">BNPHU</subfield>
    <subfield code="b">BNPHU</subfield>
    <subfield code="c">CT</subfield>
    <subfield code="d">2026-05-01</subfield>
    <subfield code="e">Dep&#xF3;sito Legal</subfield>
    <subfield code="l">0</subfield>
    <subfield code="o"> BNPHU DS </subfield>
    <subfield code="p">2026-3520</subfield>
    <subfield code="r">2026-05-01</subfield>
    <subfield code="t">v.2, e.3</subfield>
    <subfield code="w">2026-05-01</subfield>
    <subfield code="y">LBS1</subfield>
  </datafield>
  <datafield tag="999" ind1=" " ind2=" ">
    <subfield code="c">60653</subfield>
    <subfield code="d">60653</subfield>
  </datafield>
</record>
